| 000 | 00530nam a2200205Ia 4500 | ||
|---|---|---|---|
| 008 | 160819s9999 xx 000 0 und d | ||
| 020 | _a978-1-84091-408-5 | ||
| 050 | _aCUL TX 724.5 | ||
| 050 | _b.J3K87 2006 | ||
| 100 | _aKurihara, Harumi. | ||
| 245 | _aHarumi's Japanese cooking / | ||
| 245 | _cHarumi Kurihara. | ||
| 260 | _aGreat Britain : | ||
| 260 | _bOctopus Pub. Group Ltd., | ||
| 260 | _c2004 | ||
| 300 | _a158 pages : | ||
| 300 | _bcolor illustrations ; | ||
| 300 | _c26 cm. | ||
| 650 | _aCooking, Japanese. | ||
| 999 |
_c300696 _d300696 |
||